| 000 | 00600nam a2200193Ia 4500 | ||
|---|---|---|---|
| 003 | GCL | ||
| 008 | 140319s9999 xx 000 0 ara d | ||
| 040 |
_aGCL / _cGCL |
||
| 082 | 0 | 4 |
_a809.04 _bا ا |
| 100 | 1 | _aجورج طرابيشى (مترجم) | |
| 245 | 1 | 0 |
_aالاتجاهات الادبية الحديثة / _cجورج طرابيشى (مترجم) |
| 700 | 1 | _aالبيريس ر.م | |
| 260 |
_a[S.N] : _bمنشورات عويدان ، _c1983 |
||
| 300 | _a222 ص | ||
| 490 |
_aسلسلة زدنى علما _v0 |
||
| 650 | 0 | 4 | _aالادب |
| 650 | 0 | 4 | _aتاريخ ونقد |
| 942 |
_2ddc _cBK |
||
| 999 |
_c35911 _d35911 |
||